000 00368nam a2200145Ia 4500
008 130318s9999 xx 000 0 und d
020 _a9788184898002
082 _a005.746 SAL/D
100 _aSalomon, David
245 _aData comppression: The complete reference
250 _a4
260 _bSpringer
_aNew York
_c2007
300 _a1092
650 _aDATA COMPRESSION
999 _c1714
_d1714